000 00686nam a2200181 i 4500
001 26943
003 ES-MaACL
005 20250918063024.0
007 t|
008 030113s1886 sp ||||1| spa d
100 1 _aAsensio, José María,
_d1829-1905
_923582
245 1 0 _aFrancisco Pacheco, sus obras artísticas y literarias
_b: introducción e historia del libro de descripción de verdaderos retratos de ilustres y memorables varones... /
_cJosé María Asensio.
260 _aSevilla :
_b[s.n.,
_c1886] (
_fE. Rasco)
300 _aLXXIX, 104 p. ;
_c31 cm.
600 1 7 _aPacheco, Francisco,
_d1564-1644
_2
_9151434
852 _aES-MaACL
_jB-1147
999 _c26943
_d26943